Family law : (Record no. 106892)

MARC details
000 -LEADER
campo de control de longitud fija 01908cam a2200361 i 4500
001 - NÚMERO DE CONTROL
campo de control 126890
005 - FECHA Y HORA DE LA ÚLTIMA TRANSACCIÓN
campo de control 20230411085740.0
008 - DATOS DE LONGITUD FIJA--INFORMACIÓN GENERAL
campo de control de longitud fija 131205s2014 enka b 001 0 eng c
035 ## - NÚMERO DE CONTROL DEL SISTEMA
Número de control de sistema 17963791
010 ## - NÚMERO DE CONTROL DE LA BIBLIOTECA DEL CONGRESO
Número de control de LC 2013956955
016 7# - NÚMERO DE CONTROL DE UNA AGENCIA BIBLIOGRÁFICA NACIONAL
Número de control del registro 016557388
Fuente Uk
020 ## - NÚMERO INTERNACIONAL ESTÁNDAR DEL LIBRO
Número Internacional Estándar del Libro 9780199668526 (pbk.)
020 ## - NÚMERO INTERNACIONAL ESTÁNDAR DEL LIBRO
Número Internacional Estándar del Libro 0199668523 (pbk.)
035 ## - NÚMERO DE CONTROL DEL SISTEMA
Número de control de sistema (OCoLC)ocn859580892
040 ## - FUENTE DE CATALOGACIÓN
Centro catalogador/agencia de origen BTCTA
Lengua de catalogación eng
Centro/agencia transcriptor BTCTA
Normas de descripción rda
Centro/agencia modificador BDX
-- UKMGB
-- YDXCP
-- CDX
-- IHI
-- GUL
-- CWJ
-- RST
-- DLC
042 ## - CÓDIGO DE AUTENTICACIÓN
Código de autenticación pcc
050 14 - SIGNATURA TOPOGRÁFICA DE LA BIBLIOTECA DEL CONGRESO
Número de clasificación R AC 5
Número de ítem 573
100 1# - ENTRADA PRINCIPAL--NOMBRE DE PERSONA
Nombre de persona Herring, Jonathan.
245 10 - MENCIÓN DEL TÍTULO
Título Family law :
Resto del título a very short introduction /
Mención de responsabilidad, etc. Jonathan Herring.
250 ## - MENCION DE EDICION
Mención de edición 1st ed.
260 ## - PUBLICACIÓN, DISTRIBUCIÓN, ETC.
Lugar de publicación, distribución, etc. Oxford, United Kingdom :
Nombre del editor, distribuidor, etc. Oxford University Press,
Fecha de publicación, distribución, etc. 2014.
300 ## - DESCRIPCIÓN FÍSICA
Extensión 118 p. :
Otras características físicas ill. ;
Dimensiones 18 cm.
490 1# - MENCIÓN DE SERIE
Mención de serie Very Short introductions;
Designación de volumen o secuencia n.379
504 ## - NOTA DE BIBLIOGRAFÍA, ETC.
Nota de bibliografía, etc. Includes bibliographical references (p. 113-116) and index.
505 0# - NOTA DE CONTENIDO CON FORMATO
Nota de contenido con formato Marriage, civil partnership, and cohabitation -- Domestic violence -- Divorce -- Parents -- Children's rights -- Child abuse -- Alimony and financial orders -- Where next for family law?
520 ## - RESUMEN, ETC.
Sumario, etc. "What is a family? What makes someone a parent? What rights should children have? [This book] gives the reader insight not only into what the law is, but why it is the way it is. It examines how laws have had to respond to social changes in family life, from rapidly rising divorce rates to surrogate mothers, and gives insight into family courts, which are required to deal with the chaos of family life and often struggle to keep up-to-date with social and scientific changes. It also looks to the future: what will families look like in the years ahead? What new dilemmas will the courts face?" --Provided by publisher.
650 #0 - PUNTO DE ACCESO ADICIONAL DE MATERIA--TÉRMINO DE MATERIA
Término de materia o nombre geográfico como elemento de entrada Domestic relations.
650 #4 - PUNTO DE ACCESO ADICIONAL DE MATERIA--TÉRMINO DE MATERIA
Término de materia o nombre geográfico como elemento de entrada Relaciones familiares.
650 #4 - PUNTO DE ACCESO ADICIONAL DE MATERIA--TÉRMINO DE MATERIA
Término de materia o nombre geográfico como elemento de entrada Derecho de familia
830 #0 - PUNTO DE ACCESO ADICIONAL DE SERIE-TÍTULO UNIFORME
Título uniforme Very short introductions;
Designación de volumen o secuencia n.379.
942 ## - ELEMENTOS DE ENTRADA SECUNDARIOS (KOHA)
Fuente del sistema de clasificación o colocación Clasificación de Library of Congress
Tipo de ítem Koha
946 ## - PROCESAMIENTO DE INFORMACIÓN LOCAL (OCLC)
a rsfv
Holdings
Estatus retirado Estado de pérdida Fuente del sistema de clasificación o colocación Estado de daño No para préstamo Colección Biblioteca de origen Biblioteca actual Ubicación en estantería Fecha de adquisición Signatura topográfica completa Código de barras Visto por última vez Copia número Tipo de ítem Koha
    Clasificación de Library of Congress     Referencia Biblioteca Juan Bosch Biblioteca Juan Bosch Referencia (1er. Piso) 11/04/2023 R AC 5 573 00000119728 17/02/2019 1